| 000 | 00857cam a22002771a 4500 | ||
|---|---|---|---|
| 001 | 25120 | ||
| 003 | BD-RjUL | ||
| 005 | 20211209050832.0 | ||
| 008 | 140316r19691965nyuab 001 0 eng d | ||
| 020 | _a03400001992 | ||
| 035 | _a(BD-RjUL)25189 | ||
| 035 | _a(OCoLC)1157769 | ||
| 040 |
_aDLC _cMeB _dPPiU _dDLC _dBD-RjUL _beng |
||
| 041 | _aeng | ||
| 082 | 0 | 0 |
_a914.20385 _bSAA 1969 |
| 100 | 1 |
_aSampson, Anthony, _d1926-2004. _977298 |
|
| 245 | 1 | 0 |
_aAnatomy of Britain today / _cAnthony Sampson. |
| 260 |
_aNew York : _bHarper & Row, _c c1965. [Reprinted 1969] |
||
| 300 |
_axiv, 720 p. : _bill., map ; _c21 cm. |
||
| 490 | 0 |
_aHarper colophon books ; _vCN76Q |
|
| 504 | _aIncludes bibliographical references. and Index | ||
| 651 | 0 |
_aGreat Britain _xCivilization _y1945- _977299 |
|
| 942 |
_2ddc _cBK |
||
| 999 |
_c25120 _d25120 |
||